000 002430000a22000970004500
100 1 _aPallister, Alan
245 1 0 _aNews from Portugal
300 _aVol. 3, Núm 2 (1994), Páginas 113-116
773 0 _tEuropean Journal of Theology
942 _cANA
999 _c54074
_d54074